El poder económico de los jesuitas en Chile: 1593-1767
Guardado en:
| Autor principal: | |
|---|---|
| Formato: | Libro |
| Lenguaje: | español |
| Publicado: |
Santiago, Chile
Pucará
1985
|
| Materias: | |
| Etiquetas: |
Agregar Etiqueta
Sin Etiquetas, Sea el primero en etiquetar este registro!
|
MARC
| LEADER | 00000nam a2200000 a 4500 | ||
|---|---|---|---|
| 001 | UCS9171 | ||
| 003 | CL-VaPUC | ||
| 005 | 20220106074424.0 | ||
| 008 | 971113e19850500CL |||||||||||||||||spa|d | ||
| 999 | |c 263166 |d 263164 | ||
| 040 | |c Pontificia Universidad Católica de Valparaíso | ||
| 082 | 0 | 4 | |a 271.53 VAL 1985 |2 21 |
| 100 | 0 | |a Valdés Bunster, Gustavo |e author |9 394152 | |
| 245 | 1 | 3 | |a El poder económico de los jesuitas en Chile: |b 1593-1767 |
| 260 | |a Santiago, Chile |b Pucará |c 1985 | ||
| 300 | |a 141 páginas | ||
| 583 | |a last modification |c 20180514 10:38:06 |k Rodrigo Vera | ||
| 610 | |2 JESUITAS | ||
| 610 | |2 COMPAÑIA DE JESUS | ||
| 650 | 7 | |a PODER ECONOMICO |2 CL-VaPUC |9 338221 | |
| 650 | 7 | |a HISTORIA DE CHILE |2 CL-VaPUC |9 393482 |x DESARROLLO ECONOMICO Y SOCIAL |y SIGLOS 16-17 | |
| 650 | 0 | |a Misioneros |x ASPECTOS SOCIALES |9 324171 | |
| 852 | |a BIBCUR | ||
| 942 | |c BK |2 ddc | ||
| 945 | |d 19971113 00:00:00 |a cmena | ||
| 952 | |0 0 |1 0 |2 ddc |4 0 |6 271_530000000000000_VAL_1985 |7 0 |8 DER_HDC |9 292276 |a BIBDER |b BIBDER |d 2019-11-19 |i 1900145 |o 271.53 VAL 1985 |p 1900145 |r 2023-01-25 |t 1 |w 2019-11-19 |x Ubicación 4to Piso |y BK |z Estos recursos deben solicitarse con anticipación |k DER | ||
| 952 | |0 0 |1 0 |2 ddc |4 0 |6 271_530000000000000_VAL_1985 |7 0 |8 A |9 292277 |a BIBHIS |b BIBHIS |d 2019-11-19 |i 1331574 |o 271.53 VAL 1985 |p 1331574 |r 2025-01-20 |t 2 |w 2019-11-19 |y BK |k HIS | ||
| 952 | |0 0 |1 0 |2 ddc |4 0 |6 271_530000000000000_VAL_1985 |7 0 |8 A |9 292278 |a BIBHIS |b BIBHIS |d 2019-11-19 |i 4416554 |o 271.53 VAL 1985 |p 4416554 |r 2025-01-20 |t 3 |w 2019-11-19 |y BK |k HIS | ||